[Event "nav07"]
[Site "?"]
[Date "2007.12.07"]
[Round "4.10"]
[White "Carrasco Martinez, Juan M"]
[Black "Gonzalez Manchon, Juan M"]
[Result "1-0"]
[WhiteElo "2423"]
[BlackElo "2085"]
[PlyCount "89"]
[EventDate "2007.12.05"]
[SourceDate "2007.12.05"]

1. d4 d5 2. Nf3 Nf6 3. c4 c6 4. e3 Bf5 5. Nc3 e6 6. Nh4 Be4 7. f3 Bg6 8. Qb3
Qc7 9. Nxg6 hxg6 10. g3 Bd6 11. f4 b6 12. Bg2 Na6 13. Bd2 O-O 14. O-O Qb7 15.
Rac1 Rfc8 16. e4 dxe4 17. Nxe4 Nxe4 18. Bxe4 Qd7 19. Be3 Nc7 20. Rfd1 Be7 21.
Bf2 Ne8 22. d5 cxd5 23. cxd5 Rxc1 24. Rxc1 Rc8 25. Rxc8 Qxc8 26. dxe6 f5 27.
Bf3 Qc1+ 28. Kg2 Qd2 29. Kg1 Qc1+ 30. Qd1 Qxd1+ 31. Bxd1 Bf6 32. b4 Nc7 33. Bb3
Kf8 34. a4 Ke7 35. a5 Bc3 36. axb6 axb6 37. Bxb6 Nxe6 38. b5 g5 39. Bxe6 Kxe6
40. fxg5 Kd5 41. Be3 g6 42. Kf2 Be5 43. Ke2 Ke4 44. b6 Kd5 45. Bf4 1-0

[Event "nav07"]
[Site "?"]
[Date "2007.12.07"]
[Round "5.4"]
[White "Gladyszev, Oleg"]
[Black "Hamdouchi, Hichem"]
[Result "1/2-1/2"]
[WhiteElo "2472"]
[BlackElo "2571"]
[PlyCount "34"]
[EventDate "2007.12.05"]
[SourceDate "2007.12.05"]

1. d4 a6 2. e4 e6 3. Bd3 d5 4. e5 Bd7 5. c3 Bb5 6. Bc2 a5 7. Ne2 c5 8. O-O Nc6
9. Re1 Nh6 10. Ng3 $11 Qh4 11. Nd2 cxd4 12. Nf3 Qd8 13. cxd4 Ng8 14. a3 h6 15.
Be3 g6 16. Ne2 Bxe2 17. Qxe2 Nge7 $11 {(=)} 1/2-1/2

[Event "nav07"]
[Site "?"]
[Date "2007.12.07"]
[Round "5.7"]
[White "Espinosa Aranada, Angel"]
[Black "Carlsson, Pontus"]
[Result "1/2-1/2"]
[WhiteElo "2246"]
[BlackElo "2481"]
[PlyCount "45"]
[EventDate "2007.12.05"]
[SourceDate "2007.12.05"]

1. e4 e6 2. d4 d5 3. Nc3 Nf6 4. Bg5 Be7 5. e5 Nfd7 6. Bxe7 Qxe7 7. f4 O-O 8.
Qd2 c5 9. Nf3 Nc6 10. O-O-O a6 11. dxc5 Nxc5 12. Nd4 Bd7 13. h4 b5 14. Nxc6
Bxc6 15. Ne2 b4 16. Nd4 Bd7 17. Bd3 a5 18. Kb1 Rfb8 19. f5 exf5 20. Bxf5 Na4
21. Rde1 Nc5 22. Rhf1 Ne6 23. Qd3 $11 {(=)} 1/2-1/2

[Event "nav07"]
[Site "?"]
[Date "2007.12.07"]
[Round "5.10"]
[White "Alsina Leal, Daniel"]
[Black "Pena Torres, Jose C"]
[Result "1-0"]
[WhiteElo "2435"]
[BlackElo "2125"]
[PlyCount "69"]
[EventDate "2007.12.05"]
[SourceDate "2007.12.05"]

1. e4 e6 2. d4 d5 3. Nc3 Bb4 4. e5 c5 5. a3 Bxc3+ 6. bxc3 Ne7 7. Qg4 Kf8 8. Bd2
Qa5 9. a4 c4 10. h4 Bd7 11. Nh3 Bxa4 12. Be2 Qb5 13. Bd1 Qe8 14. Nf4 h6 15. Nh5
Nf5 16. Bc1 Ke7 17. Nxg7 Nxg7 18. Qxg7 b5 19. Bh5 Nc6 20. Bxh6 Bxc2 21. Bxf7
Qxf7 22. Bg5+ Ke8 23. Qxh8+ Qf8 24. Qxf8+ Kxf8 25. Ra6 Rc8 26. Be3 Rc7 27. Kd2
Bf5 28. Rha1 b4 29. cxb4 Nxb4 30. Rxa7 c3+ 31. Ke2 Bd3+ 32. Kf3 Rxa7 33. Rxa7
Bc4 34. h5 Na2 35. h6 1-0

[Event "nav07"]
[Site "?"]
[Date "2007.12.07"]
[Round "5.9"]
[White "Garcia Romero, Benjamin"]
[Black "Dias, Paulo"]
[Result "1-0"]
[WhiteElo "2224"]
[BlackElo "2442"]
[PlyCount "113"]
[EventDate "2007.12.05"]
[SourceDate "2007.12.05"]

1. d4 Nf6 2. Nf3 e6 3. c4 d5 4. Nc3 Bb4 5. Qa4+ Nc6 6. e3 O-O 7. Bd2 a6 8. Rc1
Re8 9. h3 Bd6 10. a3 Rb8 11. Qc2 Bd7 12. b4 h6 13. Qa2 dxc4 14. Bxc4 Qe7 15.
O-O Rbd8 16. Rfd1 e5 17. d5 Na7 18. e4 Nh5 19. Qb3 Qf6 20. Ne2 b5 21. Qe3 Nc8
22. Bb3 Kh7 23. Nh2 Qg6 24. Kh1 Nb6 25. g4 Nf4 26. Qf3 Nxe2 27. Qxe2 Rc8 28. f3
Qf6 29. Kg2 c6 30. Be3 Na8 31. Qd3 cxd5 32. Rxc8 Bxc8 33. Qxd5 Be6 34. Qxd6
Bxb3 35. Qxf6 gxf6 36. Rd7 Rc8 37. Kg3 Rc3 38. Bc5 Bc2 39. Kh4 Rd3 40. Ra7 Rd8
41. Kh5 Kg7 42. Nf1 Bb3 43. Ne3 Be6 44. Rxa6 Nc7 45. Ra7 Ne8 46. a4 bxa4 47.
Rxa4 Nd6 48. Ra6 Nc4 49. Nf5+ Bxf5 50. gxf5 Rd3 51. Kg4 h5+ 52. Kg3 Nd2 53. Kf2
Nxf3 54. Be7 Nd2 55. Ke2 Rd4 56. Bxf6+ Kh7 57. Ra8 1-0

[Event "nav07"]
[Site "?"]
[Date "2007.12.07"]
[Round "5.5"]
[White "Tissir, Mohamed"]
[Black "Kolev, Atanas"]
[Result "1/2-1/2"]
[WhiteElo "2460"]
[BlackElo "2567"]
[PlyCount "72"]
[EventDate "2007.12.05"]
[SourceDate "2007.12.05"]

1. e4 c5 2. Nf3 d6 3. d4 cxd4 4. Nxd4 Nf6 5. Nc3 a6 6. Be2 e5 7. Nb3 Be7 8. Bg5
Be6 9. Bxf6 Bxf6 10. Nd5 Nd7 11. Qd3 Be7 12. Rd1 Bxd5 13. Qxd5 Qc7 14. c3 O-O
15. O-O Nf6 16. Qd3 Rfd8 17. Bf3 Qb6 18. Rfe1 Rac8 19. Qb1 g6 20. Na1 Rc5 21.
Nc2 Rdc8 22. g4 h6 23. Rd3 Nh7 24. Ne3 Ng5 25. Bg2 Ne6 26. Nd5 Qd8 27. Qd1 Bg5
28. h3 Kg7 29. Bf1 R5c6 30. Rf3 Bf4 31. Qb3 b5 32. Qd1 Qg5 33. Rd3 h5 34. Bg2
a5 35. gxh5 b4 36. hxg6 fxg6 1/2-1/2

[Event "nav07"]
[Site "?"]
[Date "2007.12.08"]
[Round "6.3"]
[White "Hamdouchi, Hichem"]
[Black "Tissir, Mohamed"]
[Result "1/2-1/2"]
[WhiteElo "2571"]
[BlackElo "2460"]
[PlyCount "23"]
[EventDate "2007.12.05"]
[SourceDate "2007.12.05"]

1. Nf3 Nf6 2. c4 e6 3. e3 d5 4. b3 Bd6 5. Bb2 Nbd7 6. d4 c6 7. Nbd2 Qe7 8. Be2
O-O 9. O-O Re8 10. Qc2 e5 11. dxe5 Nxe5 12. cxd5 1/2-1/2

[Event "nav07"]
[Site "?"]
[Date "2007.12.08"]
[Round "6.2"]
[White "Gladyszev, Oleg"]
[Black "Khamrakulov, Ibragim"]
[Result "0-1"]
[WhiteElo "2472"]
[BlackElo "2604"]
[PlyCount "45"]
[EventDate "2007.12.05"]
[SourceDate "2007.12.05"]

1. d4 Nf6 2. c4 e6 3. Nc3 Bb4 4. Qc2 O-O 5. a3 Bxc3+ 6. Qxc3 d6 7. Nf3 b6 8. e3
Nbd7 9. Be2 c5 10. b4 a5 11. Bb2 Ne4 12. Qc2 Bb7 13. O-O f5 14. Rfd1 Qe7 15.
Nd2 axb4 16. axb4 cxb4 17. Nxe4 fxe4 18. Rxa8 Rxa8 19. Ra1 Rxa1+ 20. Bxa1 d5
21. cxd5 Bxd5 22. Qc1 Qe8 23. Bb5 0-1

[Event "nav07"]
[Site "?"]
[Date "2007.12.08"]
[Round "6.4"]
[White "Kolev, Atanas"]
[Black "Alsina Leal, Daniel"]
[Result "0-1"]
[WhiteElo "2567"]
[BlackElo "2435"]
[PlyCount "76"]
[EventDate "2007.12.05"]
[SourceDate "2007.12.05"]

1. e4 c5 2. Nf3 d6 3. d4 Nf6 4. Nc3 cxd4 5. Nxd4 a6 6. Be3 e5 7. Nf3 Be7 8. Bc4
O-O 9. O-O Be6 10. Bxe6 fxe6 11. Na4 Nfd7 12. c4 Nc6 13. Qb3 Na5 14. Qd3 Qc7
15. Rac1 Rac8 16. c5 dxc5 17. b4 c4 18. Qc3 b5 19. bxa5 bxa4 20. Nd2 Qb7 21.
Rb1 Qc6 22. Rfc1 Bc5 23. Qxc4 Bxe3 24. Qxc6 Rxc6 25. Rxc6 Rxf2 26. Nc4 Rb2+ 27.
Nxe3 Rxb1+ 28. Kf2 Rb2+ 29. Kf3 Rxa2 30. Rxa6 a3 31. Rc6 Nb8 32. Rc4 Na6 33.
Rc3 Ra1 34. Ke2 Nb4 35. a6 Nxa6 36. Nc2 Rg1 37. Kf3 a2 38. Ra3 Nc5 0-1

[Event "nav07"]
[Site "?"]
[Date "2007.12.08"]
[Round "6.5"]
[White "Del Rio Angelis, Gabriel"]
[Black "Garcia Romero, Benjamin"]
[Result "1-0"]
[WhiteElo "2512"]
[BlackElo "2224"]
[PlyCount "89"]
[EventDate "2007.12.05"]
[SourceDate "2007.12.05"]

1. d4 e6 2. c4 Nf6 3. Nc3 d5 4. Bg5 c6 5. e3 Nbd7 6. a3 Be7 7. Nf3 h6 8. Bh4
O-O 9. Rc1 a5 10. Qb3 Ne4 11. Bxe7 Qxe7 12. Bd3 Nxc3 13. Qxc3 Re8 14. Qb3 e5
15. dxe5 dxc4 16. Bxc4 b5 17. Be2 Nxe5 18. Nxe5 Qxe5 19. Bf3 Be6 20. Qc3 Qxc3+
21. Rxc3 Rac8 22. Rc5 Bc4 23. Kd2 Red8+ 24. Kc2 a4 25. Be4 Bd5 26. Bxd5 cxd5
27. Rxc8 Rxc8+ 28. Kd2 Kf8 29. Rc1 Rxc1 30. Kxc1 Ke7 31. Kd2 Kd6 32. Kc3 Kc5
33. g4 g6 34. h4 f6 35. h5 gxh5 36. gxh5 f5 37. f3 Kd6 38. Kd4 Ke6 39. Kc5 Ke5
40. Kxb5 f4 41. exf4+ Kxf4 42. Kc5 Kxf3 43. Kxd5 Kg4 44. Kd4 Kxh5 45. b4 1-0

[Event "nav07"]
[Site "?"]
[Date "2007.12.08"]
[Round "6.7"]
[White "Yordanov, Nikolay"]
[Black "Aloma Vidal, Robert"]
[Result "1/2-1/2"]
[WhiteElo "2257"]
[BlackElo "2398"]
[PlyCount "97"]
[EventDate "2007.12.05"]
[SourceDate "2007.12.05"]

1. e4 c5 2. Nf3 Nf6 3. Nc3 d5 4. exd5 Nxd5 5. Bb5+ Bd7 6. Bxd7+ Qxd7 7. Nxd5
Qxd5 8. d4 Nc6 9. dxc5 Qxd1+ 10. Kxd1 e5 11. Be3 f5 12. g3 Be7 13. c3 f4 14.
gxf4 exf4 15. Bd4 Nxd4 16. cxd4 O-O-O 17. Kc2 Bf6 18. Kc3 g5 19. Rad1 h5 20.
Rhe1 g4 21. Re6 Rhf8 22. Ne5 f3 23. Ng6 Rf7 24. Kc4 h4 25. Ne5 Bxe5 26. Rxe5
Rg8 27. Re3 Rf4 28. Rde1 Rff8 29. b4 g3 30. hxg3 hxg3 31. fxg3 a6 32. a4 Kd8
33. b5 axb5+ 34. axb5 Rxg3 35. Rd1 Kd7 36. Rf1 Rf4 37. Rd3 Rh3 38. Kc3 Ke6 39.
d5+ Kd7 40. c6+ bxc6 41. dxc6+ Kc7 42. Rd7+ Kb6 43. Rb7+ Kc5 44. c7 Rc4+ 45.
Kd3 f2+ 46. Ke2 Kd6 47. Kxf2 Rc2+ 48. Kg1 Rg3+ 49. Kh1 1/2-1/2

[Event "nav07"]
[Site "?"]
[Date "2007.12.08"]
[Round "6.8"]
[White "Burmakin, Vladimir"]
[Black "Figuero Toro, Julian"]
[Result "1/2-1/2"]
[WhiteElo "2593"]
[BlackElo "2251"]
[PlyCount "130"]
[EventDate "2007.12.05"]
[SourceDate "2007.12.05"]

1. d4 d5 2. Nf3 c6 3. c4 e6 4. Nbd2 f5 5. g3 Nf6 6. Bg2 Bd6 7. O-O Nbd7 8. Qc2
O-O 9. Ne1 Qe7 10. Nd3 Ne4 11. f3 Nxd2 12. Bxd2 dxc4 13. Qxc4 c5 14. f4 Rb8 15.
Be3 b5 16. Qc1 c4 17. Ne5 Bxe5 18. dxe5 Nb6 19. Rd1 Bb7 20. Bxb6 Bxg2 21. Kxg2
Rxb6 22. Qd2 Rc8 23. Qd7 Rc7 24. Qxe7 Rxe7 25. Kf2 Rc7 26. Rd8+ Kf7 27. Rad1
Rbb7 28. R8d6 b4 29. Rc1 Rb5 30. Ra6 c3 31. Rc2 Rbc5 32. h4 g6 33. bxc3 bxc3
34. Ke3 Rb5 35. Rd6 Rbc5 36. Kd3 Ke7 37. Rd4 h6 38. Rb4 Rd5+ 39. Ke3 Rdc5 40.
Rb8 Kf7 41. a4 a5 42. Rb5 Rxb5 43. axb5 Rb7 44. Rxc3 Rxb5 45. Rc7+ Kf8 46. Ra7
Rd5 47. h5 gxh5 48. Rh7 Rb5 49. Rxh6 Rb6 50. Rxh5 Kg7 51. Rh1 Rb3+ 52. Kf2 a4
53. Rc1 Rb2 54. Rc3 Kf7 55. Kf1 Rd2 56. Ra3 Rd4 57. Kf2 Rb4 58. Rd3 Rb7 59. Ke1
Rc7 60. Kd2 Ra7 61. Ra3 Kg6 62. e4 fxe4 63. g4 Kh7 64. Ke3 Rg7 65. Rxa4 Rg6
1/2-1/2

[Event "nav07"]
[Site "?"]
[Date "2007.12.08"]
[Round "6.6"]
[White "Carrasco Martinez, Juan M"]
[Black "Rusev, Krasimir"]
[Result "0-1"]
[WhiteElo "2423"]
[BlackElo "2479"]
[PlyCount "80"]
[EventDate "2007.12.05"]
[SourceDate "2007.12.05"]

1. d4 Nf6 2. Nf3 e6 3. c4 b6 4. g3 Ba6 5. Nbd2 d5 6. Bg2 Be7 7. O-O O-O 8. Ne5
Bb7 9. Qc2 c5 10. dxc5 Bxc5 11. Ndf3 Nbd7 12. Bg5 Qc7 13. Nxd7 Nxd7 14. Rac1
Rac8 15. b3 b5 16. b4 Bxb4 17. Qb3 Qa5 18. cxb5 Nc5 19. Qb1 Ne4 20. Qd3 a6 21.
Be3 axb5 22. Nd4 Nd6 23. Rxc8 Rxc8 24. Rb1 Ba6 25. h4 Bc3 26. Bh3 b4 27. Qd1
Re8 28. Nc6 Qxa2 29. Nxb4 Bxb4 30. Rxb4 Bxe2 31. Qe1 Nc4 32. Bc5 Ne5 33. Qc3
Nd3 34. Rb6 Nxc5 35. Qxc5 Qa1+ 36. Kh2 Bf3 37. Bg2 Bxg2 38. Kxg2 h6 39. Rd6 Qe5
40. Qc7 Qe4+ 0-1

[Event "nav07"]
[Site "?"]
[Date "2007.12.08"]
[Round "7.5"]
[White "Guerra Tulcan, Lenin"]
[Black "Hamdouchi, Hichem"]
[Result "0-1"]
[WhiteElo "2231"]
[BlackElo "2571"]
[PlyCount "32"]
[EventDate "2007.12.05"]
[SourceDate "2007.12.05"]

1. e4 c5 2. Nf3 e6 3. d4 cxd4 4. Nxd4 a6 5. c4 Nf6 6. Bd3 Nc6 7. Nxc6 dxc6 8.
Be3 e5 9. f3 Be6 10. O-O Nd7 11. Qe2 Bc5 12. Qf2 Qb6 13. Bxc5 Nxc5 14. b3 O-O-O
15. Bc2 Rd4 16. Nc3 Rd2 0-1

[Event "nav07"]
[Site "?"]
[Date "2007.12.08"]
[Round "7.1"]
[White "Khamrakulov, Ibragim"]
[Black "Ubliava, Elizbar"]
[Result "1/2-1/2"]
[WhiteElo "2604"]
[BlackElo "2551"]
[PlyCount "59"]
[EventDate "2007.12.05"]
[SourceDate "2007.12.05"]

1. e4 c5 2. c3 d5 3. exd5 Qxd5 4. d4 Nc6 5. Nf3 Bg4 6. Be2 cxd4 7. cxd4 e6 8.
h3 Bh5 9. O-O Nf6 10. Nc3 Qa5 11. a3 Be7 12. Be3 O-O 13. b4 Qd8 14. Qd2 Rc8 15.
Rac1 Nd5 16. Nxd5 Qxd5 17. b5 Bxf3 18. gxf3 Nb8 19. a4 Nd7 20. Rxc8 Rxc8 21.
Rc1 Rxc1+ 22. Qxc1 Nf6 23. Qc8+ Bf8 24. Bc4 Qxf3 25. Bf1 g5 26. a5 g4 27. hxg4
Qxg4+ 28. Bg2 Qd1+ 29. Bf1 Qg4+ 30. Bg2 1/2-1/2

[Event "nav07"]
[Site "?"]
[Date "2007.12.08"]
[Round "7.4"]
[White "Cabezas Ayala, Ivan"]
[Black "Epishin, Vladimir"]
[Result "1/2-1/2"]
[WhiteElo "2313"]
[BlackElo "2578"]
[PlyCount "42"]
[EventDate "2007.12.05"]
[SourceDate "2007.12.05"]

1. e4 c6 2. d4 d5 3. exd5 cxd5 4. c4 Nf6 5. Nc3 e6 6. Nf3 Bb4 7. Bd3 dxc4 8.
Bxc4 Qc7 9. Qd3 O-O 10. O-O Bxc3 11. bxc3 Nbd7 12. Re1 b6 13. Bb3 Bb7 14. Ne5
Nxe5 15. Rxe5 Rfd8 16. Qh3 Rac8 17. Bd2 Ne4 18. Rh5 Nf6 19. Rg5 Ne4 20. Rh5 Nf6
21. Rg5 Ne4 1/2-1/2

[Event "nav07"]
[Site "?"]
[Date "2007.12.08"]
[Round "7.9"]
[White "Figuero Toro, Julian"]
[Black "Kolev, Atanas"]
[Result "0-1"]
[WhiteElo "2251"]
[BlackElo "2567"]
[PlyCount "83"]
[EventDate "2007.12.05"]
[SourceDate "2007.12.05"]

1. e4 c5 2. Nf3 d6 3. d4 cxd4 4. Nxd4 Nf6 5. Nc3 a6 6. Bg5 e6 7. f4 Qb6 8. Qd2
Qxb2 9. Rb1 Qa3 10. f5 Nc6 11. Nxc6 bxc6 12. Be2 Be7 13. O-O Qa5 14. Be3 c5 15.
g4 Qd8 16. g5 Nd7 17. fxe6 fxe6 18. Nd5 Ne5 19. Nxe7 Qxe7 20. Rb6 Nf7 21. Bf4
O-O 22. Bxd6 Qd8 23. Qf4 e5 24. Qf2 Qxb6 25. Bxf8 Qg6 26. Bc4 Be6 27. Bxe6 Qxe6
28. Bxc5 Rc8 29. Be3 Qg4+ 30. Qg2 Qxg2+ 31. Kxg2 Rxc2+ 32. Rf2 Rc3 33. Bd2 Rc4
34. Kf3 Nd6 35. Re2 Rc2 36. a3 Kf7 37. h4 Ra2 38. h5 Rxa3+ 39. Kg4 Ra4 40. h6
Rxe4+ 41. Rxe4 Nxe4 42. Bc1 0-1

[Event "nav07"]
[Site "?"]
[Date "2007.12.08"]
[Round "7.10"]
[White "Garcia Moreno, Carlos"]
[Black "Gladyszev, Oleg"]
[Result "0-1"]
[WhiteElo "2165"]
[BlackElo "2472"]
[PlyCount "76"]
[EventDate "2007.12.05"]
[SourceDate "2007.12.05"]

1. e4 c5 2. Nf3 Nc6 3. d4 cxd4 4. Nxd4 Nf6 5. Nc3 e5 6. Ndb5 d6 7. Bg5 a6 8.
Na3 b5 9. Nd5 Be7 10. Bxf6 Bxf6 11. c4 b4 12. Nc2 a5 13. b3 O-O 14. g3 Be6 15.
h4 a4 16. Rb1 axb3 17. axb3 Ra2 18. Bh3 Bxd5 19. exd5 Nd4 20. Nxd4 exd4 21. O-O
Re8 22. Bg4 g6 23. Qd3 Qe7 24. Bf3 h5 25. Kg2 Qe3 26. Rbd1 Qxd3 27. Rxd3 Rc2
28. Rb1 Bg7 29. Kf1 Ra8 30. Bd1 Rc3 31. Be2 Ra2 32. Re1 Rb2 33. Ra1 Rbxb3 34.
Rd2 d3 35. Ra8+ Kh7 36. Bd1 Rb1 37. Kg2 b3 38. Rb8 Bh6 0-1

[Event "nav07"]
[Site "?"]
[Date "2007.12.09"]
[Round "8.1"]
[White "Rusev, Krasimir"]
[Black "Khamrakulov, Ibragim"]
[Result "1/2-1/2"]
[WhiteElo "2479"]
[BlackElo "2604"]
[PlyCount "83"]
[EventDate "2007.12.05"]
[SourceDate "2007.12.05"]

1. d4 d5 2. Nf3 g6 3. c4 Nf6 4. cxd5 Nxd5 5. e4 Nb6 6. Nc3 Bg7 7. Be2 O-O 8. h3
c6 9. O-O Be6 10. Bf4 Bc4 11. Bxc4 Nxc4 12. Qe2 Nb6 13. Rad1 e6 14. h4 h6 15.
h5 g5 16. Be5 f6 17. Bxb8 Rxb8 18. d5 cxd5 19. exd5 e5 20. d6 f5 21. Qb5 Qd7
22. Qa5 Nc4 23. Qd5+ Qf7 24. b3 Qxd5 25. Nxd5 Nxd6 26. Ne7+ Kf7 27. Ng6 Rfd8
28. Nfxe5+ Bxe5 29. Nxe5+ Ke6 30. Rfe1 Ne4 31. Rxd8 Rxd8 32. Ng4 fxg4 33. Rxe4+
Kf5 34. Re7 g3 35. fxg3 Kg4 36. Kh2 Rd2 37. a4 b6 38. Rxa7 Rb2 39. Rb7 Rxb3 40.
a5 b5 41. a6 Ra3 42. a7 1/2-1/2

[Event "nav07"]
[Site "?"]
[Date "2007.12.09"]
[Round "8.4"]
[White "Del Rio Angelis, Gabriel"]
[Black "Tissir, Mohamed"]
[Result "1-0"]
[WhiteElo "2512"]
[BlackElo "2460"]
[PlyCount "93"]
[EventDate "2007.12.05"]
[SourceDate "2007.12.05"]

1. d4 Nf6 2. c4 c5 3. d5 b5 4. Nf3 g6 5. cxb5 a6 6. b6 d6 7. Nc3 Nbd7 8. b7
Bxb7 9. e4 Bg7 10. Be2 O-O 11. O-O a5 $11 {(=)} 12. a4 Ba6 13. Bxa6 Rxa6 14.
Qe2 Qa8 15. Nb5 Qb7 16. Bf4 Raa8 17. Ra3 Rfd8 18. Nd2 Nh5 19. Bg5 Nb6 20. b3 h6
21. Bh4 Nf4 22. Qf3 g5 23. Bg3 Ng6 24. Nc4 Nxc4 25. bxc4 Qd7 26. Qh5 Ne5 27.
Bxe5 dxe5 28. h4 f6 29. Rb1 Rab8 30. Rf3 Rf8 31. Rd1 Rf7 32. hxg5 hxg5 33. Rh3
Rff8 34. Rdd3 Rb6 35. Qh7+ Kf7 36. Rh6 Rg8 37. d6 Kf8 38. Rg6 Rb7 39. Rf3 Qe6
40. dxe7+ Rxe7 41. Rd3 Qc8 42. Rxg5 Rh8 43. Qf5 Qxf5 44. Rxf5 Rh4 45. Rff3 Kg8
46. Nd6 Rf4 47. Rg3 1-0

[Event "nav07"]
[Site "?"]
[Date "2007.12.09"]
[Round "8.3"]
[White "Ubilava, Elizbar"]
[Black "Alsina Leal, Daniel"]
[Result "0-1"]
[WhiteElo "2551"]
[BlackElo "2435"]
[PlyCount "92"]
[EventDate "2007.12.05"]
[SourceDate "2007.12.05"]

1. d4 d5 2. c4 c6 3. Nf3 Nf6 4. e3 Bf5 5. Nc3 e6 6. Nh4 Be4 7. f3 Bg6 8. Qb3
Qc7 9. Bd2 Be7 10. O-O-O dxc4 11. Qxc4 a6 12. Nxg6 hxg6 13. g3 b5 14. Qe2 c5
15. dxc5 Nbd7 16. Kb1 Nxc5 17. Rc1 Qb6 18. Nd1 O-O 19. Nf2 b4 20. e4 Na4 21.
Be3 Qa5 22. Qc2 Ne8 23. Nd3 Rb8 24. Be2 Bf6 25. Bd1 Nc3+ 26. bxc3 bxc3+ 27. Ka1
Rb2 28. Qa4 c2 29. Nxb2 Qxa4 30. Rxc2 Nd6 31. Kb1 Qa5 32. Be2 Rb8 33. Rd1 Nb5
34. Bxb5 Qxb5 35. Bc1 a5 36. a4 Qb3 37. f4 Qf3 38. Re1 Bd4 39. Ree2 Kh7 40. e5
Rb4 41. Red2 Qa3 42. Rc8 Rxa4 43. Rc7 Qa2+ 44. Kc2 Rb4 45. Kd1 Bxb2 46. Rcc2
Qa4 0-1

[Event "nav07"]
[Site "?"]
[Date "2007.12.09"]
[Round "8.5"]
[White "Burmakin, Vladimir"]
[Black "Dias, Paulo"]
[Result "1-0"]
[WhiteElo "2593"]
[BlackElo "2442"]
[PlyCount "61"]
[EventDate "2007.12.05"]
[SourceDate "2007.12.05"]

1. d4 Nf6 2. Nf3 e6 3. g3 d5 4. Bg2 Nbd7 5. O-O Be7 6. c4 dxc4 7. Qa4 a6 8. Ne5
O-O 9. Nxd7 Qxd7 10. Qxc4 Rd8 11. Nd2 Qxd4 12. Qxc7 Qc5 13. Qxc5 Bxc5 14. Nb3
Bb6 15. Bd2 a5 16. Rad1 a4 17. Be3 Bc7 18. Rxd8+ Bxd8 19. Rd1 Nd5 20. Nc5 Be7
21. Bxd5 Bxc5 22. Bc4 Be7 23. a3 Kf8 24. f4 f6 25. Bb6 h6 26. e4 g5 27. Kg2 h5
28. Kf3 Kg7 29. e5 fxe5 30. fxe5 g4+ 31. Ke4 1-0

[Event "nav07"]
[Site "?"]
[Date "2007.12.09"]
[Round "8.6"]
[White "Epishin, Vladimir"]
[Black "Aloma Vidal, Robert"]
[Result "1-0"]
[WhiteElo "2578"]
[BlackElo "2398"]
[PlyCount "51"]
[EventDate "2007.12.05"]
[SourceDate "2007.12.05"]

1. d4 Nf6 2. Nf3 e6 3. c4 c5 4. e3 d5 5. Nc3 a6 6. cxd5 exd5 7. Be2 Nc6 8. O-O
Bf5 9. b3 Rc8 10. Bb2 Bg6 11. Rc1 cxd4 12. Nxd4 Bd6 13. Nxc6 Rxc6 14. Bf3 Be5
15. Qd2 O-O 16. Ne2 Bb8 17. Nf4 Be4 18. Rxc6 bxc6 19. Bxf6 Qxf6 20. Bxe4 dxe4
21. Rd1 g5 22. Ne2 Bc7 23. Qc3 Bd8 24. Qa5 h5 25. Ng3 h4 26. Nxe4 {(Ilegible)}
1-0

[Event "nav07"]
[Site "?"]
[Date "2007.12.09"]
[Round "8.7"]
[White "Kolev, Atanas"]
[Black "Sande Edreira, Jose"]
[Result "1/2-1/2"]
[WhiteElo "2567"]
[BlackElo "2342"]
[PlyCount "54"]
[EventDate "2007.12.05"]
[SourceDate "2007.12.05"]

1. e4 c5 2. Nf3 g6 3. c3 Bg7 4. d4 cxd4 5. cxd4 d5 6. e5 Bg4 7. Bb5+ Nc6 8.
Bxc6+ bxc6 9. Nbd2 e6 10. O-O Ne7 11. h3 Bxf3 12. Nxf3 O-O 13. b3 c5 14. dxc5
Qc7 15. Be3 Nc6 16. Bd4 Rfc8 17. Rc1 a5 18. Re1 Nxd4 19. Qxd4 Rab8 20. Rc3 Rb5
21. Rec1 Rb4 22. Qd3 Bxe5 23. Nxe5 Qxe5 24. Qa6 Qc7 25. a3 Rbb8 26. Qd3 Qd8 27.
Qa6 {(Ilegible)} Rb5 1/2-1/2

[Event "nav07"]
[Site "?"]
[Date "2007.12.09"]
[Round "9.10"]
[White "Carrasco Martinez, Juan M"]
[Black "Garcia Romero, Benjamin"]
[Result "1-0"]
[WhiteElo "2423"]
[BlackElo "2224"]
[PlyCount "69"]
[EventDate "2007.12.05"]
[SourceDate "2007.12.05"]

1. d4 e6 2. Nf3 Nf6 3. c4 b6 4. g3 Ba6 5. Qa4 Be7 6. Bg2 O-O 7. Ne5 d5 8. Nc3
c6 9. O-O Nfd7 10. Nxc6 Nxc6 11. Qxa6 Nxd4 12. cxd5 Rc8 13. dxe6 Nc5 14. Qxa7
fxe6 15. Be3 Rf7 16. Bxd4 Qxd4 17. Qxb6 Qe5 18. Qa5 Bd8 19. Qa3 Bb6 20. Rad1
Rcf8 21. Bf3 Qb8 22. b4 Nd7 23. Ne4 Ne5 24. Bg2 Ng4 25. e3 Qe5 26. Qb3 h6 27.
a4 Rf3 28. Rd6 Qh5 29. h3 Nxf2 30. Qxe6+ Kh8 31. Rxb6 Nxh3+ 32. Qxh3 Rxf1+ 33.
Bxf1 Qf3 34. Rxh6+ gxh6 35. Qxh6+ 1-0

[Event "nav07"]
[Site "?"]
[Date "2007.12.09"]
[Round "9.7"]
[White "Sande Edreira, Jose"]
[Black "Ubilava, Elizbar"]
[Result "1/2-1/2"]
[WhiteElo "2342"]
[BlackElo "2551"]
[PlyCount "35"]
[EventDate "2007.12.05"]
[SourceDate "2007.12.05"]

1. c4 b6 2. Nf3 Bb7 3. d3 Bxf3 4. exf3 c5 5. d4 cxd4 6. Qxd4 Nc6 7. Qd2 g6 8.
b3 Bg7 9. Bb2 Bxb2 10. Qxb2 Nf6 11. f4 O-O 12. Be2 b5 13. cxb5 Qa5+ 14. Nc3 Nb4
15. O-O Rac8 16. Rfd1 Nc2 17. Qxc2 Rxc3 18. Qd2 1/2-1/2

[Event "nav07"]
[Site "?"]
[Date "2007.12.09"]
[Round "9.3"]
[White "Khamrakulov, Ibragim"]
[Black "Epishin, Vladimir"]
[Result "1/2-1/2"]
[WhiteElo "2604"]
[BlackElo "2578"]
[PlyCount "23"]
[EventDate "2007.12.05"]
[SourceDate "2007.12.05"]

1. e4 c6 2. d4 d5 3. exd5 cxd5 4. c4 Nf6 5. Nc3 e6 6. Nf3 Bb4 7. cxd5 Nxd5 8.
Bd2 Nc6 9. Bd3 O-O 10. O-O Be7 11. a3 Nf6 12. Be3 {(Ilegible)} 1/2-1/2

[Event "nav07"]
[Site "?"]
[Date "2007.12.09"]
[Round "9.9"]
[White "Dias, Paulo"]
[Black "Yordanov, Nikolay"]
[Result "1-0"]
[WhiteElo "2442"]
[BlackElo "2257"]
[PlyCount "101"]
[EventDate "2007.12.05"]
[SourceDate "2007.12.05"]

1. d4 Nf6 2. Nf3 c5 3. d5 b5 4. c4 d6 5. Qc2 g6 6. e4 Nbd7 7. cxb5 a6 8. Nc3
Bg7 9. a4 O-O 10. Ra3 Ne8 11. Bd2 Nc7 12. Be2 axb5 13. axb5 Rb8 14. O-O Nb6 15.
h3 f5 16. Rd1 fxe4 17. Qxe4 Bf5 18. Qh4 Ncxd5 19. Nxd5 Nxd5 20. Qc4 e6 21. g4
Nb6 22. Qa2 Be4 23. Qxe6+ Kh8 24. Qxe4 Re8 25. Qf4 Rxe2 26. Bc3 Bxc3 27. Rxc3
Qf8 28. Qxd6 Na4 29. Ra3 Nxb2 30. Qxf8+ Rxf8 31. Rd7 Kg8 32. b6 Nc4 33. Raa7
Rxf3 34. Ra8+ Rf8 35. Rxf8+ Kxf8 36. Rd8+ Ke7 37. b7 Kxd8 38. b8=Q+ Ke7 39.
Qc7+ Ke6 40. Qxc5 Nd6 41. Qc7 Re1+ 42. Kg2 h5 43. Qg7 hxg4 44. Qxg6+ Ke7 45.
hxg4 Re6 46. Qg7+ Nf7 47. g5 Ke8 48. g6 Ne5 49. Qh8+ Ke7 50. g7 Rg6+ 51. Kf1
1-0

[Event "nav07"]
[Site "?"]
[Date "2007.12.09"]
[Round "9.2"]
[White "Alsina Leal, Daniel"]
[Black "Hamdouchi, Hichem"]
[Result "0-1"]
[WhiteElo "2435"]
[BlackElo "2571"]
[PlyCount "77"]
[EventDate "2007.12.05"]
[SourceDate "2007.12.05"]

1. e4 e5 2. Nf3 Nc6 3. Bb5 a6 4. Bxc6 dxc6 5. O-O f6 6. d4 Bg4 7. dxe5 Qxd1 8.
Rxd1 fxe5 9. Rd3 Bd6 10. Nbd2 Nf6 11. b3 b5 12. Bb2 Nd7 13. h3 Bh5 14. Nh4 Nc5
15. Re3 O-O-O 16. g4 Bg6 17. Nf5 h5 18. Nf3 hxg4 19. hxg4 Bxf5 20. gxf5 Rde8
21. Kg2 g6 22. fxg6 Rh6 23. Rg1 Rxg6+ 24. Kf1 $11 {(=)} Rf6 25. Ne1 Rf4 26. f3
Ref8 27. Ke2 Rh4 28. Kd1 Rh5 29. Re2 Ne6 30. Bc1 c5 31. Reg2 Rd8 32. c3 c4 33.
Rg8 Bf8+ 34. Ke2 cxb3 35. axb3 b4 36. cxb4 Nd4+ 37. Kf1 Bxb4 38. Rxd8+ Kxd8 39.
Nd3 0-1